|
|
|
|
| LEADER |
00000nam0a2200000 4500 |
| 001 |
329827 |
| 005 |
20231102004212.0 |
| 035 |
|
|
|a (RuTPU)RU\TPU\book\355595
|
| 090 |
|
|
|a 329827
|
| 100 |
|
|
|a 20170322d1962 k y0rusy50 ca
|
| 101 |
0 |
|
|a rus
|
| 102 |
|
|
|a RU
|
| 105 |
|
|
|a a z 001zy
|
| 200 |
1 |
|
|a Органические вещества и микрофлора подземных вод и их значение в процессах нефтегазообразования
|f М. Е. Альтовский [и др.]
|g Всесоюзный научно-исследовательский институт гидрогеологии и инженерной геологии (ВСЕГИНГЕО)
|
| 210 |
|
|
|a Москва
|c Гостоптехиздат
|d 1962
|
| 215 |
|
|
|a 296 с.
|c ил.
|
| 320 |
|
|
|a Библиогр.: с. 291-294
|
| 606 |
|
|
|a Воды подземные
|x Газонасыщенность
|2 stltpush
|3 (RuTPU)RU\TPU\subj\3155
|9 31610
|
| 610 |
1 |
|
|a Туркмения
|
| 610 |
1 |
|
|a органические вещества
|
| 610 |
1 |
|
|a микрофлора
|
| 610 |
1 |
|
|a качественный состав
|
| 610 |
1 |
|
|a водород
|
| 610 |
1 |
|
|a образование
|
| 610 |
1 |
|
|a бактерии
|
| 610 |
1 |
|
|a нефть
|
| 610 |
1 |
|
|a природные газы
|
| 610 |
1 |
|
|a образование
|
| 675 |
|
|
|a 556.314.2
|v 4
|
| 701 |
|
1 |
|a Альтовский
|b М. Е.
|g Михаил Евгеньевич
|
| 701 |
|
1 |
|a Быкова
|b Е. Л.
|g Елена Леонидовна
|
| 701 |
|
1 |
|a Кузнецова
|b З. И.
|g Зиновья Ивановна
|
| 701 |
|
1 |
|a Швец
|b М. Е.
|g Владимир Михайлович
|
| 712 |
0 |
2 |
|a Всесоюзный научно-исследовательский институт гидрогеологии и инженерной геологии (ВСЕГИНГЕО)
|c (пос. Зеленый, Московская область)
|2 stltpush
|3 (RuTPU)RU\TPU\col\2061
|
| 801 |
|
1 |
|a RU
|b 63413507
|c 20170322
|
| 801 |
|
2 |
|a RU
|b 63413507
|c 20170411
|g RCR
|
| 942 |
|
|
|c BK
|